Discographie de Queen (1973-1995) - Statistiques

Statistiques générales
  • Ce quiz a été pris 92 fois
  • Le résultat moyen est 35 sur 172
Statistiques - réponses
Groupe Réponse % Correct
A Night At The Opera (1975) Bohemian Rhapsody
93%
Sheer Heart Attack (1974) Killer Queen
80%
News Of The World (1977) We Will Rock You
78%
News Of The World (1977) We Are The Champions
75%
Innuendo (1991) The Show Must Go On
73%
Jazz (1978) Don't Stop Me Now
69%
The Works (1984) Radio Ga Ga
69%
A Kind Of Magic (1986) A Kind of Magic
66%
The Game (1980) Another One Bites The Dust
66%
The Works (1984) I Want to Break Free
66%
A Night At The Opera (1975) Love Of My Life
66%
Innuendo (1991) Innuendo
63%
Hot Space (1982) Under Pressure
63%
A Night At The Opera (1975) I'm In Love With My Car
53%
Flash Gordon (1980) The Kiss (Aura Resurrects Flash)
51%
Jazz (1978) Bicycle Race
49%
The Miracle (1989) The Miracle
47%
A Kind Of Magic (1986) Who Wants To Live Forever
44%
A Night At The Opera (1975) You're My Best Friend
44%
Made In Heaven (1995) Made In Heaven
42%
A Day At The Races (1976) Somebody to Love
42%
The Game (1980) Crazy Little Thing Called Love
41%
Queen (1973) Seven Seas of Rhye
41%
Queen II (1974) Seven Seas Of Rhye
41%
News Of The World (1977) Sheer Heart Attack
41%
Jazz (1978) Fat Bottomed Girls
39%
A Day At The Races (1976) Good Old-Fashioned Lover Boy
39%
Queen (1973) Keep Yourself Alive
39%
A Night At The Opera (1975) Death On Two Legs (dedicated to...)
37%
The Game (1980) Play the Game
37%
A Night At The Opera (1975) '39
34%
Hot Space (1982) Cool Cat
34%
Queen II (1974) The March of the Black Queen
34%
A Kind Of Magic (1986) Friends Will Be Friends
32%
The Game (1980) Save Me
32%
The Works (1984) Hammer to Fall
31%
Hot Space (1982) Las Palabras de Amor (The Words of Love)
31%
News Of The World (1977) Spread Your WIngs
31%
The Works (1984) It's a Hard Life
29%
The Miracle (1989) I Want It All
27%
A Night At The Opera (1975) God Save The Queen
25%
Innuendo (1991) I'm Going Slightly Mad
25%
Sheer Heart Attack (1974) In The Lap Of The Gods
25%
Queen (1973) Liar
25%
A Kind Of Magic (1986) One Vision
25%
A Night At The Opera (1975) Seaside Rendezvous
25%
A Night At The Opera (1975) The Prophet's Song
25%
The Miracle (1989) The Invisible Man
24%
Queen II (1974) White Queen (As It Began)
24%
The Miracle (1989) Breakthru
22%
Sheer Heart Attack (1974) Brighton Rock
22%
A Night At The Opera (1975) Sweet Lady
22%
Queen II (1974) The Fairy Feller's Master-Stroke
22%
A Day At The Races (1976) Tie Your Mother Down
22%
A Day At The Races (1976) You Take My Breath Away
22%
Jazz (1978) Mustapha
20%
A Kind Of Magic (1986) Princes of the Universe
20%
Innuendo (1991) These Are the Days of Our Lives
20%
Innuendo (1991) Delilah
19%
The Game (1980) Don't Try Suicide
19%
The Game (1980) Dragon Attack
19%
Queen (1973) Great King Rat
19%
Innuendo (1991) Headlong
19%
The Works (1984) Is This the World We Created...?
19%
Sheer Heart Attack (1974) Lily Of The Valley
19%
Queen (1973) My Fairy King
19%
The Miracle (1989) Scandal
19%
A Night At The Opera (1975) Good Company
17%
Sheer Heart Attack (1974) In The Lap Of The Gods... Revisited
17%
Jazz (1978) Jealousy
17%
A Night At The Opera (1975) Lazing On A Sunday Afternoon
17%
Queen II (1974) Nevermore
17%
Queen II (1974) Ogre Battle
17%
Made In Heaven (1995) Too Much Love Will Kill You
17%
News Of The World (1977) All Dead, All Dead
15%
Queen (1973) Jesus
15%
Sheer Heart Attack (1974) Misfire
15%
News Of The World (1977) My Melancholy Blues
15%
Queen II (1974) Procession
15%
A Day At The Races (1976) Teo Torriatte (Let Us Cling Together)
15%
A Day At The Races (1976) The Millionaire Waltz
15%
A Day At The Races (1976) You and I
15%
Hot Space (1982) Body Language
14%
Queen (1973) Doing All Right
14%
A Day At The Races (1976) Drowse
14%
Queen II (1974) Funny How Love Is
14%
News Of The World (1977) Get Down, Make Love
14%
News Of The World (1977) It's Late
14%
Made In Heaven (1995) I Was Born To Love You
14%
Sheer Heart Attack (1974) Now I'm Here
14%
News Of The World (1977) Sleeping on the Sidewalk
14%
Queen II (1974) Some Day One Day
14%
Queen II (1974) The Loser in the End
14%
Sheer Heart Attack (1974) Bring Back That Leroy Brown
12%
Hot Space (1982) Calling All Girls
12%
The Works (1984) Machines (or "Back to Humans")
12%
Made In Heaven (1995) Mother Love
12%
The Game (1980) Sail Away Sweet Sister (To the Sister I Never Had)
12%
Queen (1973) Son and Daughter
12%
The Works (1984) Tear It Up
12%
Sheer Heart Attack (1974) Tenement Funster
12%
Queen (1973) The Night Comes Down
12%
News Of The World (1977) Who Needs You
12%
Jazz (1978) Dreamer's Ball
10%
Flash Gordon (1980) Flash's Theme
10%
Sheer Heart Attack (1974) Flick Of The Wrist
10%
Jazz (1978) More of That Jazz
10%
The Game (1980) Rock It (Prime Jive)
10%
Made In Heaven (1995) You Don't Fool Me
10%
Hot Space (1982) Action This Day
8%
Hot Space (1982) Back Chat
8%
The Game (1980) Coming Soon
8%
Hot Space (1982) Dancer
8%
Sheer Heart Attack (1974) Dear Friends
8%
Queen II (1974) Father and Son
8%
Jazz (1978) Fun It
8%
Jazz (1978) Leaving Home Ain't Easy
8%
Made In Heaven (1995) Let Me Live
8%
Hot Space (1982) Life Is Real (Song for Lennon)
8%
A Day At The Races (1976) Long Away
8%
Queen (1973) Modern Times Rock'n'Roll
8%
The Game (1980) Need Your Loving Tonight
8%
A Kind Of Magic (1986) One Year of Love
8%
The Miracle (1989) Rain Must Fall
8%
Sheer Heart Attack (1974) Stone Cold Crazy
8%
The Miracle (1989) Was It All Worth It
8%
A Day At The Races (1976) White Man
8%
Flash Gordon (1980) Arboria (Planet Of The Tree Men)
7%
Jazz (1978) Dead On Time
7%
News Of The World (1977) Fight From the Inside
7%
A Kind Of Magic (1986) Gimme the Prize (Kurgan's Theme)
7%
Made In Heaven (1995) Heaven for Everyone
7%
Jazz (1978) In Only Seven Days
7%
Made In Heaven (1995) It's A Beautiful Day
7%
The Works (1984) Keep Passing the Open WIndows
7%
Jazz (1978) Let Me Entertain You
7%
A Kind Of Magic (1986) Pain Is So Close to Pleasure
7%
The Miracle (1989) Party
7%
Hot Space (1982) Put Out the Fire
7%
Sheer Heart Attack (1974) She Makes Me (Stormtrooper In Stilettos)
7%
Hot Space (1982) Staying Power
7%
Innuendo (1991) The Hitman
7%
Made In Heaven (1995) Yeah
7%
Innuendo (1991) All God's People
5%
Innuendo (1991) Bijou
5%
A Kind Of Magic (1986) Don't Lose Your Head
5%
Innuendo (1991) I Can't Live With You
5%
Made In Heaven (1995) It's A Beautiful Day (reprise)
5%
The Miracle (1989) Khashoggi's Ship
5%
The Works (1984) Man on the Prowl
5%
The Miracle (1989) My Baby Does Me
5%
Flash Gordon (1980) The Hero
5%
Made In Heaven (1995) Untitled (Hidden Track)
5%
Made In Heaven (1995) A Winter's Tale
3%
Innuendo (1991) Don't Try So Hard
3%
Flash Gordon (1980) Football Fight
3%
Jazz (1978) If You Can't Beat Them
3%
Flash Gordon (1980) In The Space Capsule (The Love Theme)
3%
Made In Heaven (1995) My Life Has Been Saved
3%
Flash Gordon (1980) The Ring (Hypnotic Seduction Of Dale)
3%
Flash Gordon (1980) Battle Theme
2%
Flash Gordon (1980) Escape From The Swamp
2%
Flash Gordon (1980) Execution Of Flash
2%
Flash Gordon (1980) Flash To The Rescue
2%
Flash Gordon (1980) In The Death Cell (Love Theme Reprise)
2%
Flash Gordon (1980) Marriage Of Dale And Ming (And Flash Approaching)
2%
Flash Gordon (1980) Ming's Theme (In The Court Of Ming The Merciless)
2%
Flash Gordon (1980) The Wedding March (reprise de la marche nuptiale de l'opéra Lohengrin)
2%
Flash Gordon (1980) Vultan's Theme (Attack Of The Hawk Men)
2%
Flash Gordon (1980) Crash Dive On Mingo City
0%
Flash Gordon (1980) Flash's Theme Reprise (Victory Celebrations)
0%
Innuendo (1991) Rule The Wild Wind
0%
Aucun quiz correspondant
Distribution des résultats
% des personnes avec chaque résultat
Percentile par nombre de réponses
Votre historique - résultats
Vous n’avez pas pris ce quiz